La Nationalité : (Record no. 61681)
[ view plain ]
| 000 -LEADER | |
|---|---|
| fixed length control field | 01717nam a2200457 i 4500 |
| 003 - CONTROL NUMBER IDENTIFIER | |
| control field | EG-GICUC |
| 005 - DATE AND TIME OF LATEST TRANSACTION | |
| control field | 20260208152852.0 |
| 008 - FIXED-LENGTH DATA ELEMENTS--GENERAL INFORMATION | |
| fixed length control field | 260208s1933 fr ||fr|||| 000 0 fre d |
| 040 ## - CATALOGING SOURCE | |
| Original cataloging agency | EG-GiCUC |
| Language of cataloging | ita |
| Transcribing agency | EG-GiCUC |
| Modifying agency | EG-GiCUC |
| Description conventions | Rda |
| 041 #0 - LANGUAGE CODE | |
| Language code of text/sound track or separate title | ita |
| 082 04 - DEWEY DECIMAL CLASSIFICATION NUMBER | |
| Edition number | 21 |
| Classification number | 341.81 |
| Item number | AK . N |
| 092 04 - LOCALLY ASSIGNED DEWEY CALL NUMBER (OCLC) | |
| Edition number | 21 |
| 099 ## - LOCAL FREE-TEXT CALL NUMBER (OCLC) | |
| Classification number | Law1 12 341.81 AK . N 1933 |
| 100 1# - MAIN ENTRY--PERSONAL NAME | |
| Personal name | Akzin, B |
| Relator term | Auteur |
| 245 13 - TITLE STATEMENT | |
| Title | La Nationalité : |
| Remainder of title | Dans La Science Sociale Et Dans Le Droit Contemporain / |
| Statement of responsibility, etc. | Par Mm. B. Akzin, M. Ancel; Mlie S. Basdevant; Mm. M. Caleb, Drouillat. M. Gégout, E. Gordon, R. Kiefe, P. De La Pradelle, Martin, R. Maunier, B. Mirkine-guetzévitch, J. Ray ; Préface De Mm. Levy-ullmann Et Gidel, |
| 264 #1 - PRODUCTION, PUBLICATION, DISTRIBUTION, MANUFACTURE, AND COPYRIGHT NOTICE | |
| Place of production, publication, distribution, manufacture | Paris : |
| Name of producer, publisher, distributor, manufacturer | Librairie Du Recueil Sirey, |
| Date of production, publication, distribution, manufacture, or copyright notice | 1933. |
| 300 ## - PHYSICAL DESCRIPTION | |
| Extent | 347 page, |
| Dimensions | 24 cm. |
| 336 ## - CONTENT TYPE | |
| Source | rda contenu |
| Content type term | texte |
| 337 ## - MEDIA TYPE | |
| Source | rda medias |
| Media type term | Ordinateur |
| 338 ## - CARRIER TYPE | |
| Source | transporteur rda |
| Carrier type term | Ressource en ligne |
| 504 ## - BIBLIOGRAPHY, ETC. NOTE | |
| Bibliography, etc. note | Comprend des références bibliographiques.<br/><br/><br/> |
| 504 ## - BIBLIOGRAPHY, ETC. NOTE | |
| Bibliography, etc. note | <br/> |
| 546 ## - LANGUAGE NOTE | |
| Language note | Texte en français |
| 650 14 - SUBJECT ADDED ENTRY--TOPICAL TERM | |
| Topical term or geographic name entry element | Droit international privé |
| Source of heading or term | |
| 651 1# - SUBJECT ADDED ENTRY--GEOGRAPHIC NAME | |
| Source of heading or term | |
| 700 ## - ADDED ENTRY--PERSONAL NAME | |
| Personal name | Ancel, M ; |
| Relator term | Co-Auteur |
| 700 ## - ADDED ENTRY--PERSONAL NAME | |
| Personal name | Basdevant, Mlie S. |
| Relator term | Co-Auteur |
| 700 ## - ADDED ENTRY--PERSONAL NAME | |
| Personal name | Caleb, Mm. M. , |
| Relator term | Co-Auteur |
| 700 ## - ADDED ENTRY--PERSONAL NAME | |
| Personal name | Gégout, Drouillat. |
| Relator term | Co-Auteur |
| 700 ## - ADDED ENTRY--PERSONAL NAME | |
| Personal name | Gordon, M. , E. , |
| Relator term | Co-Auteur |
| 700 ## - ADDED ENTRY--PERSONAL NAME | |
| Personal name | Kiefe. R. |
| Relator term | Co-Auteur |
| 700 ## - ADDED ENTRY--PERSONAL NAME | |
| Personal name | De La Pradelle, P |
| Relator term | Co-Auteur |
| 700 ## - ADDED ENTRY--PERSONAL NAME | |
| Personal name | Martin |
| Relator term | Co-Auteur |
| 700 ## - ADDED ENTRY--PERSONAL NAME | |
| Personal name | Maunier, R. |
| Relator term | Auteur |
| 700 ## - ADDED ENTRY--PERSONAL NAME | |
| Personal name | Mirkine-guetzévitch B |
| Relator term | Co-Auteur |
| 700 ## - ADDED ENTRY--PERSONAL NAME | |
| Personal name | Ray, J |
| Relator term | Co-Auteur |
| 700 #1 - ADDED ENTRY--PERSONAL NAME | |
| Personal name | Et Gidel, Levy-ullmann |
| Relator term | Préfacier |
| 856 40 - ELECTRONIC LOCATION AND ACCESS | |
| Uniform Resource Identifier | <a href="https://fll.law.cu.edu.eg/fulltext/bks/B12-02370.pdf">https://fll.law.cu.edu.eg/fulltext/bks/B12-02370.pdf</a> |
| 905 ## - Cataloger and Reviser Names | |
| Cataloger Name: | Basma Mohamed |
| 942 ## - ADDED ENTRY ELEMENTS (KOHA) | |
| Source of classification or shelving scheme | Dewey Decimal Classification |
| Koha item type | Books |
| Edition | 21 |
| Suppress in OPAC | No |
| Withdrawn status | Lost status | Source of classification or shelving scheme | Damaged status | Not for loan | Collection | Home library | Current library | Date acquired | Total checkouts | Full call number | Barcode | Date last seen | Copy number | Price effective from | Koha item type |
|---|---|---|---|---|---|---|---|---|---|---|---|---|---|---|---|
| Dewey Decimal Classification | Not for loan | القانون الدولي الخاص | جــــامعة القــاهرة | مكتبة كلية الحقوق - المبنى الرئيسي | 08.02.2026 | Law1 12 341.81 AK . N 1933 1202370 C1 | B12-02370 | 08.02.2026 | 1 | 08.02.2026 | Books |